000 00306nam a22001337a 4500
008 180926b xxu||||| |||| 00| 0 eng d
020 _a0070573271
041 _aeng
080 _a541
100 _a12
101 _aKIM
245 _aChemistry: Principles and Applications
_cLemley, A.T
942 _2udc
_cBK
999 _c48514
_d48514